000 00327nam a22001457a 4500
003 SGT
020 _a81-239-0424-X
082 _a614, H14G
100 _aGUPTA, A.K.
245 _aHAND BOOK OF HEATH EDUCATION AND COMMUNITY PHARMACY
260 _aDELHI
_bCBS
_c2014
300 _a300
650 _aCOMMUNITY
942 _2ddc
_cBK
_09
999 _c8155
_d8155